Statistiques concernant Culture Pop par lettre - R

Cliquez ici pour prendre le quiz!

Statistiques générales

  • Ce quiz a été pris 1 476 fois
  • Le résultat moyen est 12 sur 15

Statistiques - réponses

CatégorieIndiceRéponse% Correct
Film d'animationRémi et Linguini forment une équipe atypique afin de concocter les meilleures plats de ParisRatatouille
97%
FilmComplétez le titre du film "Il faut sauver le soldat ..."Ryan
97%
FilmPetit robot de la saga Star Wars ami de C3POR2D2
96%
ObjetCasse tête coloré mondialement connu qui porte le nom de son inventeurRubik's Cube
93%
ComicsSuper-héros, principal partenaire de BatmanRobin
90%
Personnage célèbrePrénom du clown mascotte d'une célèbre chaîne de fast-food américain habillé en jaune et rougeRonald McDonald
89%
CélébritéActeur anglais connu pour avoir interprété le personnage d'Harry Potter au cinémaDaniel Radcliffe
86%
ÉvènementUn des quatre tournoi du Grand Chelem, disputé sur terre battue en France depuis plus d'un siècleRolland Garros
86%
CélébritéActrice américaine co-star des films : Pretty Woman, Coup de Foudre à Notting Hill, Just Married (ou presque)...Julia Roberts
73%
FilmNom du troisième opus de Thor, sorti au cinéma en 2017, dans lequel il essaye d'empêcher la destruction de sa planète natale AsgardRagnarok
72%
MarqueBoisson chaude en poudre dont la chanson publicitaire a marqué les esprits : "Le soleil vient de se lever, encore une belle journée, il va bientôt arriver, l'ami R....."Ricoré
71%
Série d’animationSérie d'animation pour adultes dans laquelle un grand-père doué en sciences et son petit fils réalisent des expériences dangereuse mais extraordinaireRick et Morty
69%
Série / ComicsSérie Netflix basée sur les personnages de Archie Comics dans laquelle on retrouve Betty Cooper, Jughead Jones ou encore Veronica LodgeRiverdale
58%
Film / LivreNom du quatrième volet de la saga de livre et de film TwilightRevelation
45%
ChansonTitre de la chanson phare du film "La Boum" de 1980 avec Sophie Marceau et Claude BrasseurReality
36%

Distribution des résultats

Percentile par nombre de réponses

% des personnes avec chaque résultat

Votre développement - résultats

Vous n’avez pas pris ce quiz